The Tokyo capital market : Development and prospects

محفوظ في:
التفاصيل البيبلوغرافية
التنسيق: كتاب
اللغة:Undetermined
منشور في: Tokyo JETRO 1978
الموضوعات:
الوسوم: إضافة وسم
لا توجد وسوم, كن أول من يضع وسما على هذه التسجيلة!
Thư viện lưu trữ: Trung tâm Học liệu Trường Đại học Cần Thơ
LEADER 00469nam a2200181Ia 4500
001 CTU_79943
008 210402s9999 xx 000 0 und d
082 |a 332.6 
082 |b T646 
245 4 |a The Tokyo capital market : 
245 0 |b Development and prospects 
260 |a Tokyo 
260 |b JETRO 
260 |c 1978 
650 |a Finance,Stock exchanges 
650 |z Japan 
904 |i Trọng Hải 
980 |a Trung tâm Học liệu Trường Đại học Cần Thơ